000 00251nam a22001097a 4500
008 170124b xxu||||| |||| 00| 0 eng d
020 _a9780721668994
041 _aeng
080 _22ND
_a618.2
245 _aNURSING TODAY
_cCLABORN, J.C
942 _2udc
_cBK
999 _c3486
_d3486